00584nam a2200145 a 4500008004100000020001800041050001400059110006300073245011100136260008300247300001600330350000900346650004300355650004000398101125s2008 ||||||||||||||||| || u a9780981409917 aSARUA(02) aSouthern African Regional Universities Association (SARUA)10aScience and technology: a baseline study on science and technology and higher education in the SADC region aJohannesburgbSouthern African Regional Universities Association (SARUA)c2008 a208p. ;ill. a0.00 aTECHNOLOGY--STUDY AND TEACHING--AFRICA aSCIENCE--STUDY AND TEACHING--AFRICA